000 00404nam a22001697a 4500
005 20160530094202.0
008 160530b xxu||||| |||| 00| 0 eng d
020 _a81-203-0757-7
041 _aeng
082 _b5878
100 _aGreen, Paul E & others
_91469
245 _aResearch for Marketing Decisions
260 _aNew Delhi
_bPHI,
300 _a769
650 _aManagement
_9241
942 _cBK
999 _c2084
_d2083